| 000 | 00593nam a2200193 a 4500 | ||
|---|---|---|---|
| 005 | 20240806063920.0 | ||
| 008 | 031001s2004 mx r 000 0 spa d | ||
| 020 | _a9707015195 | ||
| 035 | _aUPN01000144083 | ||
| 049 | _aCG | ||
| 050 | 4 |
_aPQ7122 C7 _bC7.4 |
|
| 245 | 0 | 4 | _a¿El crimen como una de las bellas artes? II. |
| 260 |
_aMéxico : _bInstituto Coahuilense de Cultura : _bMiguel Angel Porrúa, _c2004. |
||
| 300 | _a95 p. | ||
| 650 | 4 |
_aASESINATO EN LA LITERATURA _92194 |
|
| 650 | 0 |
_aCuentos policíacos y de misterio _92405 |
|
| 650 | 4 |
_aLiteratura mexicana _94466 |
|
| 905 | _aLibro | ||
| 999 |
_c116230 _d116230 |
||